| 000 | 01459aab a2200241 i 4500 | ||
|---|---|---|---|
| 001 | 768714001 | ||
| 003 | CO-MdFUSB | ||
| 005 | 20230605161744.0 | ||
| 008 | 171123s2013 ck ||||| |||| 00| 0 spa d | ||
| 022 | _a0120-3649 | ||
| 040 |
_aCO-MdFUSB _bspa _cCO-MdFUSB _dCO-MdFUSB |
||
| 041 | _aspa | ||
| 100 | 1 |
_aSánchez Ruíz, Andrea _eautor |
|
| 245 | 0 | 0 |
_aHacia nuevas formas de convivencia en la familia eclesial _c/ Andrea Sánchez Ruíz Welch |
| 300 |
_aVolumen 63. Número 176 (2013), páginas 507-539 _c: 24 cm. |
||
| 520 | 1 | _aLas mesas familiares esconden un lenguaje que habrá de interpretarse, para poder imaginar nuevas formas de convivencia comunitaria en la Iglesia. En este trabajo se describen diversos modelos de mesas familiares que se confrontan con el modo como Jesús actuó en las comidas y en las mesas, en la condición de comensal o de anfitrión. Finalmente, al reconocer a la familia como iglesia doméstica, a la luz de las mesas familiares y de la experiencia de Jesús, podrán trazarse algunas notas para gestar y vivir nuevas (y no tan nuevas) formas de convivencia intraeclesial. | |
| 653 | _aEclesiología | ||
| 653 | _aComunidad | ||
| 653 | _aRelaciones intracomunitarias | ||
| 773 | 0 |
_tTheologica Xaveriana _049424 _959865 _gVolumen 63, número 176 (2013), páginas 507-539 _qPágina 507 |
|
| 773 | 0 |
_tTheologica Xaveriana _049424 _981967 _gVolumen 63, número 176 (2013), páginas 507-539 _qPágina 507 _oR14380 |
|
| 942 | _cANA | ||
| 999 |
_c63574 _d63574 |
||